Keberkesanan undang-undang keluarga Islam dalam menangani masalah sosial di kalangan remaja /
Saved in:
| Main Author: | |
|---|---|
| Format: | Thesis |
| Language: | English |
| Published: |
Petaling Jaya
: International Islamic University Malaysia,
1997
|
| Subjects: | |
| Online Access: | Click here to view 1st 24 pages of the thesis. Members can view fulltext at the specified PCs in the library. |
| Tags: |
Add Tag
No Tags, Be the first to tag this record!
|
| LEADER | 020000000a22003970004500 | ||
|---|---|---|---|
| 001 | 149394 | ||
| 005 | 20230417093602.0 | ||
| 008 | 980826s1997 eng | ||
| 035 | |a 558758 | ||
| 035 | |a (Sirsi) 149394 | ||
| 040 | |a UIAM |b eng | ||
| 050 | |a BP158.5K4 | ||
| 100 | 0 | |a Muhammad Ghazali Zakaria |9 64439 | |
| 245 | 1 | 0 | |a Keberkesanan undang-undang keluarga Islam dalam menangani masalah sosial di kalangan remaja / |c Mohd Ghazali bin Zakaria |
| 260 | 1 | |a Petaling Jaya |b : International Islamic University Malaysia, |c 1997 | |
| 300 | |a xii, 114 p. ; 30 cm. | ||
| 336 | |2 rdacontent | ||
| 337 | |2 rdamedia | ||
| 338 | |2 rdacarrier | ||
| 500 | |a "kertas projek ini adalah sebahagian daripada keperluan kursus Diploma Undang-Undang dan Pentadbiran Kehakiman Islam bagi sessi 1996/1997."--On t.p. | ||
| 502 | |a (Dip.)--International Islamic University, 1997. | ||
| 533 | |a 1 copy | ||
| 650 | 0 | |a Parent and child (Islamic law) |9 64441 | |
| 650 | 0 | |a Children (Islamic law) |9 26891 | |
| 650 | 0 | |a Family |x Religious aspects Islam |9 6019 | |
| 650 | 0 | |a Social problems |9 30061 | |
| 655 | 0 | 7 | |a Theses, IIUM local |
| 690 | 0 | |a Dissertations, Academic |x Kulliyyah of Laws |z IIUM | |
| 710 | 2 | |a International Islamic University Malaysia. |b Kulliyyah of Laws |9 38108 | |
| 856 | 4 | |u http://studentrepo.iium.edu.my/handle/123456789/1608 |z Click here to view 1st 24 pages of the thesis. Members can view fulltext at the specified PCs in the library. | |
| 900 | |a asm-hm | ||
| 942 | |2 lcc |n 0 | ||
| 999 | |c 431121 |d 462612 | ||
| 952 | |0 0 |6 T BP 000158.5 K4M697K 1997 |7 0 |8 THESES |9 750793 |a IIUM |b IIUM |c MULTIMEDIA |g 0.00 |o t BP158.5K4M697K 1997 |p 00000558780 |r 2017-10-17 |t 1 |v 0.00 |y THESIS | ||
| 952 | |0 0 |6 TS CDF BP158.5K4M697K 1997 |7 0 |8 THESES |9 797846 |a IIUM |b IIUM |c MULTIMEDIA |g 0.00 |o ts cdf BP158.5K4M697K 1997 |p 11100325552 |r 2017-10-26 |t 1 |v 0.00 |y THESISDIG | ||
| 952 | |0 0 |6 AIC T BP158.5K4M697K 1997 |7 0 |8 SAHMADIB |9 797847 |a IIUM |b IIUM |c SPECIALSH |g 0.00 |o aic t BP158.5K4M697K 1997 |p 00011062143 |r 2018-11-01 |t 1 |v 0.00 |y BOKSPECL2H | ||
